ROOMS: Low Detailed Picture Quiz - B-Section - Statistics

General Stats
  • This quiz has been taken 115 times
    114 since last reset
  • The average score is 15 of 22
Answer Stats
Picture Answer % Correct
Sadman
95%
B-1
80%
B-15
78%
B-25
78%
B-5
77%
B-40
75%
B-85
73%
B-100
72%
B-60
72%
B-120
70%
B-140
70%
Smartman
70%
B-200
69%
Mournfulman
69%
Mushman
67%
B-170
63%
MOB-1
63%
B-244
61%
B-270
61%
MOB-2
61%
B-300
59%
B-300Baby
55%
No matching quizzes found
Score Distribution
Percent of People with Each Score
Percentile by Number Answered
Your Score History
You have not taken this quiz since the last reset